All languages of China and Taiwan - Statistics

General Stats
  • This quiz has been taken 108 times
  • The average score is 31 of 169
Answer Stats
Answer % Correct
Min
99%
Cantonese
94%
Mandarin
93%
Hmong
86%
Wu
86%
Mongolian
81%
Tibetan
80%
Hakka
77%
Uyghur
76%
Korean
74%
Xiang
69%
Kyrgyz
67%
Gan
66%
Kazakh
66%
Russian
66%
Yue
66%
Jin
63%
Zhuang
63%
Manchu
59%
English
51%
Uzbek
51%
Vietnamese
51%
Hokkien
46%
Yi
46%
Thai
44%
Ping
43%
Portuguese
39%
Bai
36%
Lao
36%
Wa
36%
Buryat
33%
Eastern min
31%
Northern min
31%
Hainanese
30%
She
30%
Tuvan
30%
Nu
29%
Xibe
27%
Evenki
26%
Huizhou
26%
Dong
24%
Qiang
24%
Southern min
23%
Oirat
21%
Salar
21%
Tujia
21%
Amis
20%
Lisu
20%
Shanghainese
20%
Tatar
20%
Atayal
19%
Hani
19%
Jingpho
19%
Bouyei
17%
Gelao
17%
Mien
17%
Nanai
17%
Naxi
17%
Oroqen
17%
Paiwan
17%
Wakhi
17%
Lahu
16%
Teochew
16%
Daur
14%
Dongxiang
14%
Aynu
13%
Eastern Yugur
13%
Sui
13%
Western yugur
13%
Amdo tibetan
11%
Bunun
11%
Central min
11%
Ili turki
11%
Macanese
11%
Monguor
11%
Seediq
11%
Jurchen
10%
Khams tibetan
10%
Sarikoli
10%
De'ang
9%
Rukai
9%
Tai Nua
9%
Taishanese
9%
Tsou
9%
Achang
7%
Kanakanavu
7%
Mulao
7%
Tai Ya
7%
Thao
7%
U-Tsang
7%
Baima
6%
Bodish
6%
Bonan
6%
Dali
6%
Jino
6%
Kangjia
6%
Lhoba
6%
Maonan
6%
Monpa
6%
Nusu
6%
Palaung
6%
Pumi
6%
Pu-xian min
6%
Puyuma
6%
Saisiyat
6%
Sakizaya
6%
Southwestern mandarin
6%
Tai lu
6%
Tsat
6%
yami
6%
Derung
4%
Kavalan
4%
Northern Zhuang
4%
Saaroa
4%
Southern Zhuang
4%
Tai Dam
4%
Taiwanese mandarin
4%
Truku
4%
Beijingese
3%
Jie
3%
Leizhou min
3%
Lower yangtze mandarin
3%
Rouruo
3%
Shao-Jiang min
3%
Tangut
3%
Torgut Oirat
3%
Wutun
3%
'amisay a pangcah
1%
Heqing
1%
Jianchuan
1%
Jilu mandarin
1%
Lanping
1%
Lanyin mandarin
1%
Tai Hongjin
1%
Toda
1%
Xiangyun
1%
Yitdut
1%
Zhongyuan mandarin
1%
Bijang
0%
Ci'uli
0%
Farangaw
0%
Fuyu Krgyz
0%
Goulou yue
0%
Isbukun
0%
Kasavakan
0%
Katratripul
0%
Mayrinax
0%
Ngudradrekay
0%
Northern Qiang
0%
Oponho
0%
Palidaw
0%
Pasawalian
0%
Plngawan
0%
Qiangic
0%
Siwkolan
0%
Skikun
0%
Southern Qiang
0%
Squliq
0%
Takbanuaz
0%
Takibakha
0%
Takitudu
0%
Takivatan
0%
Taromak drekay
0%
Teldreka
0%
Tgdaya
0%
Thakongadavane
0%
Ts'ole
0%
Ulivelivek
0%
Yuehai
0%
No matching quizzes found
Score Distribution
Percent of People with Each Score
Percentile by Number Answered
Your Score History
You have not taken this quiz